Weapons of fitness : the women's ultimate guide to fitness, self-defense, and empowerment

Bibliographic Details
Main Author: Zeisler, Avital
Format: Book
Published: New York : Avery a member of Penguin Putnam Inc. , 2015
Subjects:

MARC

LEADER 00000cam a2200000 7i4500
001 0000196708
005 20160314.0
020 |a 9781583335697 
090 0 0 |a 613.66082   |b ZEI 
100 1 |a Zeisler, Avital 
245 1 0 |a Weapons of fitness :   |b the women's ultimate guide to fitness, self-defense, and empowerment   |c Avital Zeisler 
260 |a New York :   |b Avery a member of Penguin Putnam Inc. ,   |c 2015 
300 |a 226p. ;   |c 23cm. 
650 0 |a Exercise for women 
650 0 |a Self-defense for women 
999 |a 00315697   |b BUKU   |c PINJAMAN   |e PERPUSTAKAAN KOMUNITI PETALING JAYA 
999 |a 00321790   |b BUKU   |c PINJAMAN   |e PERPUSTAKAAN KOMUNITI PETALING JAYA